Statistiken für Schnelle Mathematik – Verdreifachen Sie diese Zahl!

Klicken Sie hier um das Quiz zu spielen!

Allgemein

  • Dieses Quiz wurde 132 mal gespielt
  • Das Durchschnittsergebnis liegt bei 13 aus 20

Antwortstatistiken

Nummerdreifach% Korrekt
618
100%
51153
96%
90270
96%
1030
95%
515
93%
824
93%
2678
93%
70210
92%
1648
90%
40120
88%
41123
88%
2060
88%
80240
86%
100300
86%
2369
86%
721
85%
1236
85%
1545
83%
1957
82%
52156
81%
1751
80%
1854
80%
3090
79%
55165
78%
60180
78%
2575
78%
1133
76%
2163
76%
50150
75%
927
75%
1339
74%
1442
74%
53159
73%
45135
71%
49147
71%
61183
71%
78234
71%
99297
71%
2781
70%
36108
69%
62186
69%
2472
69%
3399
69%
48144
68%
35105
67%
2884
67%
3193
67%
3296
67%
81243
65%
91273
65%
34102
63%
69207
62%
2987
62%
43129
61%
56168
61%
68204
60%
42126
59%
44132
59%
54162
58%
97291
57%
2266
57%
63189
56%
85255
56%
64192
55%
72216
55%
82246
55%
71213
54%
47141
53%
46138
50%
86258
50%
95285
50%
37111
47%
39117
47%
58174
47%
74222
47%
75225
47%
83249
47%
84252
47%
89267
45%
38114
44%
59177
44%
57171
43%
65195
43%
77231
39%
98294
36%
66198
35%
67201
35%
94282
35%
96288
35%
93279
33%
79237
32%
87261
28%
92276
27%
88264
26%
76228
23%
73219
21%

Verteilung der Resultate

Perzentil nach korrekt beantworteten Fragen

Anzahl Personen mit jedem Resultat

Ihre Resultats-Entwicklung

Sie haben dieses Quiz noch nicht gespielt